Introduction à la logique mathématique /

Guardado en:
Autor Principal: Novikov, P. S.
Formato: Libro
Idioma:French
Russian
Publicado: Paris : Dunod, 1964.
Series:Collection universitaire de mathématiques ; 14
Etiquetas: Agregar Etiqueta
Sin Etiquetas, Sea el primero en etiquetar este registro!
LEADER 00727nam a22001935a 4500
001 MAT.inmabb004464
008 070320s1964####fr############001#0#fre#d
005 20160104193135.0
245 1 0 |a Introduction à la logique mathématique /  |c P. S. Novikov ; traduit par Ch. Sarthou. 
260 |a Paris :  |b Dunod,  |c 1964. 
300 |a viii, 332 p. ;  |c 25 cm. 
440 0 |a Collection universitaire de mathématiques ;  |v 14 
500 |a Traducción del original ruso: Elementy matematicheskoi logiki, 1959. 
510 4 |a MR,  |c 29 #3348 
100 1 |a Novikov, P. S.  |q (Petr Sergeevich) 
240 1 0 |a Elementy matematicheskoi logiki.  |l Francés 
084 |a 03Bxx (03B05 03B10)  |2 msc2000 
041 1 |a fre  |h rus 
859 |h 03  |i N943f  |p A-2455  |b BIB. MATEMATICA